| 000 | 01078nam a22002175i 4500 | ||
|---|---|---|---|
| 001 | 160535 | ||
| 003 | ES-MaACL | ||
| 005 | 20250824074925.0 | ||
| 008 | 000203s1879 sp |||| | spa d | ||
| 040 |
_aCAM _bspa _cCAM |
||
| 100 | 1 |
_aNavarro, Calisto. _9130413 |
|
| 245 | 1 | 0 |
_a¡A lo tonto... a lo tonto _¡ _b: juguete cómico en un acto y en verso / _coriginal de Calisto Navarro. |
| 260 |
_aMadrid : _b[Hijos de A. Gullon editores], _c1879 ( _fEstablecimiento tipográfico de M.P. Montoya y compañía) |
||
| 300 |
_a29 p. ; _c20 cm. |
||
| 490 | 1 | _aEl teatro : colección de obras dramáticas y líricas | |
| 500 | _aEn port.: Estrenado en el teatro de Eslava de Madrid, la noche del 12 de febrero de 1879. | ||
| 596 | _aEd. y mención de serie tomados de la cub. | ||
| 830 | 0 | 3 |
_aEl teatro: colección de obras dramática y líricas _9221753 |
| 852 |
_aES-MaACL _jF-8578(2) _z-- Enc. pasta española _q-- Falto de la cub. original _z-- Enc. en un vol. facticio ormando parte de la col. facticia Teatro español moderno, vol. 31 |
||
| 999 |
_c160535 _d160535 |
||